Shri Guru - tattwa - darshan: my Gurudev (Record no. 514994)

000 -LEADER
fixed length control field 00248nam a2200097 4500
082 ## - DEWEY DECIMAL CLASSIFICATION NUMBER
Classification number TNC A45 D851
100 ## - MAIN ENTRY--PERSONAL NAME
Personal name Dubey, B.R.
9 (RLIN) 20027
245 ## - TITLE STATEMENT
Title Shri Guru - tattwa - darshan: my Gurudev
260 ## - PUBLICATION, DISTRIBUTION, ETC. (IMPRINT)
Place of publication, distribution, etc Bihar
Name of publisher, distributor, etc Hridaya Prakashan
Date of publication, distribution, etc 2002
300 ## - PHYSICAL DESCRIPTION
Extent 160p.
Holdings
Withdrawn status Lost status Source of classification or shelving scheme Damaged status Koha normalized classification for sorting Not for loan Permanent location Current location Date acquired Full call number Barcode Date last seen Price effective from Koha item type
        TNC_A45_D851   Indian Institute of Public Administration Indian Institute of Public Administration 2021-01-05 TNC A45 D851 Gr22067 2021-01-05 2021-01-05 GR

Powered by Koha